00585nam a22001817a 450000500170000001000150001702000260003203500140005803700090007208200060008110000270008724500970011425000060021126000500021727000620026730000210032970000530035020250811123631.0 aENG-146442 a9788119524129c250.00 aEN-129974 bDBAD aS aBhattacharyya, Prabhat aMYSTERIES OF THE GREEN PLANETcPrabhat Bhattacharyya And Translated by Partha Mukhopadhyay  a1 aKolkata bEXCELLER BOOKS A GLOBAL PRESSc2025 aG1 Dream Apartment Degree College RoadbBelghariae700056 a110p. c22cm(pb) aMukhopadhyay Partha Mukhopadhyay eTranslater